Commentary on Aristotle's Nichomachean Ethics (Record no. 1856)
[ view plain ]
| 000 -LEADER | |
|---|---|
| fixed length control field | 00573nam a2200229Ia 4500 |
| 003 - CONTROL NUMBER IDENTIFIER | |
| control field | 0100 |
| 008 - FIXED-LENGTH DATA ELEMENTS--GENERAL INFORMATION | |
| fixed length control field | 130227s9999 xx 000 0 und d |
| 020 ## - INTERNATIONAL STANDARD BOOK NUMBER | |
| International Standard Book Number | 1883357519 |
| 040 ## - CATALOGING SOURCE | |
| Transcribing agency | ARRUPELIB |
| 050 ## - LIBRARY OF CONGRESS CALL NUMBER | |
| Classification number | B430.T454 1993 |
| 100 ## - MAIN ENTRY--PERSONAL NAME | |
| Personal name | Thomas Aquinas, St. |
| 245 ## - TITLE STATEMENT | |
| Title | Commentary on Aristotle's Nichomachean Ethics |
| 250 ## - EDITION STATEMENT | |
| Edition statement | Revised eiditon |
| 260 ## - PUBLICATION, DISTRIBUTION, ETC. (IMPRINT) | |
| Place of publication, distribution, etc | Notre Dame |
| 260 ## - PUBLICATION, DISTRIBUTION, ETC. (IMPRINT) | |
| Name of publisher, distributor, etc | Dumb Ox Books |
| 260 ## - PUBLICATION, DISTRIBUTION, ETC. (IMPRINT) | |
| -- | 1993 |
| 300 ## - PHYSICAL DESCRIPTION | |
| Extent | xiii |
| 300 ## - PHYSICAL DESCRIPTION | |
| Other physical details | 686p 23cm |
| 440 ## - SERIES STATEMENT/ADDED ENTRY--TITLE | |
| Title | Aristotelian commentary series |
| 700 ## - ADDED ENTRY--PERSONAL NAME | |
| Personal name | Litzinger, C.I. (tr) |
| 942 ## - ADDED ENTRY ELEMENTS (KOHA) | |
| Source of classification or shelving scheme | Library of Congress Classification |
| Koha issues (borrowed), all copies | 12 |
| Withdrawn status | Lost status | Source of classification or shelving scheme | Damaged status | Not for loan | Collection code | Home library | Current library | Date acquired | Total Checkouts | Full call number | Barcode | Date last seen | Date last borrowed | Copy number | Price effective from | Koha item type | Checked out |
|---|---|---|---|---|---|---|---|---|---|---|---|---|---|---|---|---|---|
| Library of Congress Classification | Main Collection | ARRUPE LIBRARY | ARRUPE LIBRARY | 27/02/2013 | 19 | B430.T454 1993 | 46402796 | 07/02/2024 | 22/01/2024 | 1 | 27/02/2013 | Monograph ( Printed materials) | |||||
| Library of Congress Classification | ARRUPE LIBRARY | ARRUPE LIBRARY | 22/08/2014 | 18 | B430.T454 1993 | 464123215 | 22/10/2025 | 22/10/2025 | 22/08/2014 | Monograph ( Printed materials) | 05/11/2025 |